000 00599nas a2200241 i 4500
001 2861
003 ES-MaACL
005 20250718150803.0
007 t|
008 020116c1971 le d| | 0 ||re d
080 _a(569.3)
080 _a07
245 0 2 _aL'Orient-le jour.
260 _aBeyrouth :
_bSociétés L'Orient-Le Jour,
_c1971-
300 _av. ;
_c58 cm.
310 _aPeriodicidad diaria
362 0 _a1. année, nº 1 (15 juin 1971)-
650 1 4 _aPeriódicos
_915941
852 _aES-MaACL
_jGF-40
866 0 _o(1975)
942 _2udc
_cPERIODICO
999 _c2861
_d2861